El urbanismo
| Main Author: | |
|---|---|
| Format: | Section = Libro |
| Language: | Undetermined Spanish |
| Published: |
Buenos Aires
Universitaria de Buenos Aires
1974
|
| Subjects: |
| LEADER | 00419nam a2200169Ia 4500 | ||
|---|---|---|---|
| 008 | 240829s9999 xx 000 0 und d | ||
| 040 | |a BIBLIOTECA-RUSB/ 711.09 B245 | ||
| 041 | |a spa | ||
| 082 | |a 711.09 B245 | ||
| 100 | 1 | |a Bardett, Gaston | |
| 245 | 1 | 0 | |a El urbanismo |
| 260 | |a Buenos Aires |b Universitaria de Buenos Aires |c 1974 | ||
| 300 | |a 78 p. :il. | ||
| 650 | 7 | |a URBANISMO | |
| 942 | |c BK |2 ddc | ||
| 991 | |a TEXTO | ||
| 999 | |c 4761 | ||